000 00861cam a22002174a 4500
005 20260311194009.0
008 010629s2002 coua b 001 0 eng
020 _a0813309840
020 _a9780813309842
040 _aKABLIB
_cKABLIB
_erda
082 0 0 _a301.01
_223
_bNOL
100 1 _aNolan, Riall W.
_915718
245 1 0 _aDevelopment anthropology :
_bencounters in the real world /
_cRiall W. Nolan.
260 _aBoulder, Colo. :
_bWestview Press,
_cc2002.
300 _axvii, 345 p. :
_bill. ;
_c23 cm.
504 _aIncludes bibliographical references (p. 319-336), index.
650 0 _aApplied anthropology.
_915719
856 4 2 _3Contributor biographical information
_uhttp://www.loc.gov/catdir/enhancements/fy0832/2001045324-b.html
856 4 2 _3Publisher description
_uhttp://www.loc.gov/catdir/enhancements/fy0832/2001045324-d.html
942 _2ddc
_cBOOK
999 _c6182
_d6182